[Event "Chalons/Ech Aubois"]
[Site "?"]
[Date "2010.11.14"]
[Round "2"]
[White "POGU, Thomas"]
[Black "GUERIN, A."]
[Result "0-1"]
[WhiteElo "1510"]
[BlackElo "1710"]
[PlyCount "124"]
[EventDate "2010.11.14"]
[SourceDate "2010.11.14"]

1. e4 e6 2. d4 d5 3. exd5 exd5 4. Nf3 Bd6 5. Nc3 Ne7 6. Be3 Bg4 7. Be2 Nd7 8.
h3 Bh5 9. Nh4 Bg6 10. Nxg6 hxg6 11. Bd3 c6 12. Ne2 Qc7 13. c3 O-O-O 14. Qc2 f5
15. g3 Nf6 16. O-O-O Ne4 17. Bxe4 fxe4 18. Bg5 Rdf8 19. Rdf1 Rf7 20. h4 Rhf8
21. Be3 Nf5 22. Bf4 Nh6 23. Qd1 Nf5 24. Be3 Nxe3 25. fxe3 Rf3 26. Rxf3 Rxf3 27.
Nf4 Bxf4 28. gxf4 Rxe3 29. Qg4+ Kd8 30. Qg5+ Qe7 31. Qe5 Qxe5 32. fxe5 Rg3 33.
Rf1 Ke7 34. Kd2 Rg2+ 35. Kc1 Rh2 36. Rf4 Rh1+ 37. Kd2 Rh2+ 38. Kc1 e3 39. Kd1
Rxb2 40. Rf3 e2+ 41. Ke1 Rxa2 42. Re3 Rc2 43. Rxe2 Rxc3 44. Ra2 Rb3 45. Rxa7
Rb4 46. Kf2 Rb3 47. Ke2 Ke6 48. Kd2 Rb4 49. Kc3 Rc4+ 50. Kd3 Rb4 51. Kc3 Rb5
52. Kd3 Kd7 53. Kc3 Kc7 54. Kc2 Rb4 55. Kc3 Rb1 56. Kd2 Rh1 57. e6 Rxh4 58. e7
Rxd4+ 59. Kc3 Re4 60. Ra2 Rxe7 61. Rg2 Re6 62. Rf2 Rf6 0-1

[Event "Chalons/Ech Aubois"]
[Site "?"]
[Date "2010.11.14"]
[Round "2"]
[White "GUERIN, P."]
[Black "COUTIER, Camille"]
[Result "1-0"]
[WhiteElo "1550"]
[BlackElo "1532"]
[PlyCount "89"]
[EventDate "2010.11.14"]
[SourceDate "2010.11.14"]

1. e4 c6 2. f4 d5 3. e5 Bf5 4. d4 e6 5. Nf3 Nd7 6. Bd3 Ne7 7. c3 c5 8. Nh4 Bxd3
9. Qxd3 Nc6 10. Nf3 Be7 11. g3 O-O 12. h4 f6 13. a3 fxe5 14. fxe5 Qe8 15. Bf4
Qh5 16. Nbd2 Qf5 17. Qe2 Rac8 18. O-O Qg4 19. Qe3 Rf7 20. Rf2 Rcf8 21. Nh2 Qg6
22. Kh1 cxd4 23. cxd4 Nxd4 24. Raf1 Nc6 25. b4 b6 26. Ndf3 Qe4 27. Qc3 Ncxe5
28. Re1 Qf5 29. Bxe5 Nxe5 30. Rxe5 Qg6 31. Qe3 Qxg3 32. Rg2 Qh3 33. Ng5 Rf1+
34. Rg1 Rxg1+ 35. Qxg1 Bxg5 36. Rxg5 g6 37. Rg2 Qxh4 38. Qd1 Qe4 39. Kg1 Qe3+
40. Kh1 Qxa3 41. Qe1 Qh3 42. Kg1 Qf5 43. Ng4 Qe4 44. Qa1 Qxb4 45. Nh6# 1-0

[Event "N4 Bogny / Blagny 2010 2011"]
[Site "?"]
[Date "2010.11.14"]
[Round "2.1"]
[White "Leghbali, Sophiane"]
[Black "Defrance, Laurent"]
[Result "0-1"]
[WhiteElo "1923"]
[BlackElo "2148"]
[PlyCount "84"]
[EventDate "2010.11.14"]
[SourceDate "2010.11.14"]

1. e4 c6 2. d4 d5 3. Nc3 dxe4 4. Nxe4 Bf5 5. Ng3 Bg6 6. Nf3 Nd7 7. Nh4 e6 8.
Nxg6 hxg6 9. Be2 Ngf6 10. O-O Qc7 11. Bf3 Bd6 12. Re1 O-O-O 13. c4 Rh7 14. Bg4
Nxg4 15. Qxg4 Nf6 16. Qf3 Rh4 17. Be3 Rdh8 18. h3 Kb8 19. Rec1 Bf4 20. Rd1 g5
21. Rac1 Bxe3 22. fxe3 g4 23. hxg4 Rxg4 24. Ne2 Qh2+ 25. Kf1 Rh5 26. Nf4 Rf5
27. Ke2 g5 28. Rh1 Qg3 29. Rh3 gxf4 30. Rxg3 fxg3 31. Qxf5 exf5 32. Rf1 Rg5 33.
Rh1 Rh5 34. Rxh5 Nxh5 35. Kf3 Kc7 36. e4 fxe4+ 37. Kxe4 Kd6 38. Kf5 Ng7+ 39.
Kf4 Ke6 40. Kxg3 Nf5+ 41. Kf4 Nxd4 42. g4 Kf6 0-1

[Event "N4 Bogny / Blagny 2010 2011"]
[Site "?"]
[Date "2010.11.14"]
[Round "2.2"]
[White "Dubuisson, Thomas"]
[Black "Flamant, Jacky"]
[Result "1-0"]
[WhiteElo "1996"]
[BlackElo "1819"]
[PlyCount "43"]
[EventDate "2010.11.14"]
[SourceDate "2010.11.14"]

1. f4 d5 2. Nf3 Nf6 3. e3 Bg4 4. Be2 e6 5. O-O Bd6 6. Nc3 O-O 7. d3 c6 8. e4
dxe4 9. dxe4 Qb6+ 10. Kh1 Rd8 11. Qe1 Bb4 12. Bd3 Na6 13. Qh4 Bxc3 14. bxc3
Bxf3 15. gxf3 h6 16. Rg1 Kh8 17. f5 Rg8 18. Bxh6 Nh7 19. Bf4 exf5 20. Rg3 Qd8
21. Bg5 f6 22. Rh3 1-0

[Event "N4 Bogny / Blagny 2010 2011"]
[Site "?"]
[Date "2010.11.14"]
[Round "2.3"]
[White "Guyon, Cyndie"]
[Black "Peltriaux, Guillaume"]
[Result "1/2-1/2"]
[WhiteElo "1903"]
[BlackElo "1891"]
[PlyCount "79"]
[EventDate "2010.11.14"]
[SourceDate "2010.11.14"]

1. d4 Nf6 2. Bg5 d5 3. Bxf6 exf6 4. e3 c5 5. c3 Nc6 6. g3 cxd4 7. exd4 Qb6 8.
Qd2 Na5 9. b3 Bf5 10. Qe2+ Qe6 11. Bg2 Be7 12. Qe3 O-O 13. Ne2 Bd6 14. O-O Rfe8
15. Nf4 Qxe3 16. fxe3 Bxb1 17. Raxb1 Bxf4 18. exf4 Red8 19. Rfe1 Kf8 20. Kf2
Rac8 21. Rbc1 b6 22. Ke3 Ke7 23. Kd3+ Kd6 24. Re3 b5 25. Rc2 Re8 26. Rce2 Rxe3+
27. Rxe3 Nc6 28. Bh3 Rb8 29. Re2 Ne7 30. Bg2 Nc6 31. Rc2 Re8 32. Re2 Rc8 33.
Rc2 Rb8 34. Re2 Rc8 35. Rb2 Rb8 36. Kd2 Na5 37. Bf1 Nc6 38. Kd3 Na5 39. Rc2 Nc6
40. Bg2 1/2-1/2

[Event "N4 Bogny / Blagny 2010 2011"]
[Site "?"]
[Date "2010.11.14"]
[Round "2.4"]
[White "Glod, Philippe"]
[Black "Alcidi, Valentin"]
[Result "1-0"]
[WhiteElo "1920"]
[BlackElo "1815"]
[PlyCount "67"]
[EventDate "2010.11.14"]
[SourceDate "2010.11.14"]

1. e4 e5 2. Nf3 Nc6 3. d4 exd4 4. Nxd4 Bb4+ 5. c3 Bc5 6. Nxc6 Qf6 7. Qf3 dxc6
8. Be3 Bd6 9. Nd2 Be6 10. Bc4 O-O-O 11. Qxf6 gxf6 12. Bb3 Ne7 13. f4 Rhg8 14.
g3 Rg7 15. O-O-O c5 16. Nc4 Bg4 17. Rdf1 Be2 18. Rf2 Bxc4 19. Bxc4 Nc6 20. Rd2
Re8 21. Bd3 a6 22. Bc2 Na5 23. Bf2 Nc6 24. Re1 h5 25. h4 Reg8 26. Rd5 Rh8 27.
Bd1 Rgh7 28. Rf5 Rh6 29. Rd5 Ne7 30. Rd3 Rd8 31. e5 fxe5 32. fxe5 Nf5 33. exd6
cxd6 34. Rf3 1-0

[Event "N4 Bogny / Blagny 2010 2011"]
[Site "?"]
[Date "2010.11.14"]
[Round "2.5"]
[White "Prioux, Michel"]
[Black "Hanot, Wilfried"]
[Result "1/2-1/2"]
[WhiteElo "1800"]
[BlackElo "1873"]
[PlyCount "65"]
[EventDate "2010.11.14"]
[SourceDate "2010.11.14"]

1. c4 Nf6 2. Nc3 c6 3. Nf3 e6 4. g3 d5 5. d4 h6 6. Bg2 Nbd7 7. cxd5 cxd5 8. O-O
a6 9. Bd2 Bd6 10. Rc1 O-O 11. Re1 b5 12. a3 Bb7 13. Na2 Nb6 14. Bb4 Bxb4 15.
Nxb4 Rc8 16. Nd3 Nfd7 17. b3 Qe7 18. Rxc8 Rxc8 19. Qa1 Qf8 20. Rc1 Rxc1+ 21.
Qxc1 Qc8 22. Qxc8+ Bxc8 23. Nc5 Nb8 24. Ne5 f6 25. Ned3 Nc6 26. e3 Kf7 27. Kf1
a5 28. Ke1 Nd7 29. Nxd7 Bxd7 30. Nc5 Bc8 31. Bf1 Na7 32. Kd2 Ke7 33. Nd3
1/2-1/2

[Event "N4 Bogny / Blagny 2010 2011"]
[Site "?"]
[Date "2010.11.14"]
[Round "2.6"]
[White "Gaubert, Virginie"]
[Black "Renard, Luc"]
[Result "1-0"]
[WhiteElo "1686"]
[BlackElo "1803"]
[PlyCount "95"]
[EventDate "2010.11.14"]
[SourceDate "2010.11.14"]

1. c4 b6 2. Nc3 Bb7 3. e4 e6 4. Nf3 Bb4 5. d3 Ne7 6. Be2 O-O 7. O-O Bxc3 8.
bxc3 d6 9. a4 a5 10. Rb1 Ng6 11. Be3 Nd7 12. Qc2 e5 13. d4 Nf6 14. Bd3 Ng4 15.
Bg5 Qe8 16. h3 f6 17. Bd2 Nh6 18. Bxh6 gxh6 19. c5 Nf4 20. Kh2 Nxd3 21. Qxd3
Ba6 22. c4 Qxa4 23. Rfc1 Qc6 24. cxb6 cxb6 25. Qe3 Kg7 26. c5 bxc5 27. dxc5
dxc5 28. Rxc5 Qa4 29. Nh4 Rf7 30. Rbc1 Raf8 31. Rc7 Qb4 32. Nf5+ Kh8 33. Nxh6
Rxc7 34. Rxc7 Bc8 35. Nf7+ Rxf7 36. Rxf7 Be6 37. Rxf6 Bg8 38. Qf3 a4 39. Rf8
Qe7 40. Qf6+ Qxf6 41. Rxf6 a3 42. Ra6 a2 43. Kg3 Kg7 44. f4 exf4+ 45. Kxf4 Bc4
46. Ra5 Kf6 47. Ke3 Ke6 48. Kd4 1-0

[Event "N4 Bogny / Blagny 2010 2011"]
[Site "?"]
[Date "2010.11.14"]
[Round "2.7"]
[White "Waczecka, Jérome"]
[Black "Fourcart, Marc"]
[Result "0-1"]
[WhiteElo "1764"]
[BlackElo "1689"]
[Annotator "Marc"]
[PlyCount "72"]
[EventDate "2010.11.14"]
[SourceDate "2010.11.14"]

1. d4 Nf6 2. Nf3 g6 3. Bg5 Bg7 4. Nbd2 d5 5. e3 O-O 6. Bd3 Nbd7 7. c3 c5 8. O-O
Re8 9. e4 cxd4 10. Nxd4 Ne5 11. Bc2 a6 12. Re1 Nc4 13. Nxc4 dxc4 14. Qe2 Qc7
15. h3 e5 16. Nf3 b5 {je propose nul} 17. Qe3 Bb7 18. Rad1 Rad8 19. Nd2 Re6 20.
f4 Bf8 21. Kh1 Bc5 22. Qf3 exf4 23. Bxf4 Qe7 (23... Bd6) 24. Bg5 Kg7 25. Rf1
Bd6 26. Rde1 h6 27. Bh4 g5 28. Bf2 Bf4 29. Be3 Rxd2 30. Bxd2 Bxd2 31. Re2 Bf4
32. g3 Nxe4 33. Rxe4 Rxe4 34. Kg1 Be3+ 35. Kh2 Rd4 36. Qf5 Rd2+ {
suivi d'un mat en 5!} 0-1

[Event "N4 Bogny / Blagny 2010 2011"]
[Site "?"]
[Date "2010.11.14"]
[Round "2.8"]
[White "Romain, Emeline"]
[Black "Husson, Christophe"]
[Result "1-0"]
[WhiteElo "1750"]
[BlackElo "1730"]
[PlyCount "77"]
[EventDate "2010.11.14"]
[SourceDate "2010.11.14"]

1. d4 Nf6 2. Nf3 g6 3. e3 Bg7 4. c4 d6 5. Nc3 O-O 6. Be2 Nbd7 7. O-O c5 8. Qc2
a6 9. a3 Qc7 10. d5 Rb8 11. a4 Re8 12. e4 Nf8 13. h3 e6 14. Re1 exd5 15. exd5
Bf5 16. Bd3 Bxd3 17. Qxd3 Rxe1+ 18. Nxe1 Re8 19. Nf3 N6d7 20. Bd2 Ne5 21. Nxe5
Bxe5 22. Re1 Qd8 23. b3 Nd7 24. Ne4 Qb8 25. b4 b6 26. b5 a5 27. Qb1 Bg7 28. Bf4
Be5 29. Bg5 f6 30. Bd2 Kg7 31. Qc1 g5 32. Kf1 h6 33. f4 gxf4 34. Bxf4 Rh8 35.
Ng3 Bxf4 36. Qxf4 Ne5 37. Nh5+ Kf8 38. Qxf6+ Nf7 39. Qg7# 1-0

[Event " Echiquier Aubois / Epernay"]
[Site "?"]
[Date "2010.12.12"]
[Round "3"]
[White "Chittier, Celine"]
[Black "Crepaux, Jean-Marie"]
[Result "1-0"]
[WhiteElo "1893"]
[BlackElo "1908"]
[PlyCount "51"]
[EventDate "2009.11.22"]
[SourceDate "2010.12.12"]

1. Nf3 Nf6 2. d4 d5 3. Bf4 Nc6 4. e3 Bg4 5. Be2 e6 6. O-O Bb4 7. Nbd2 O-O 8. c4
dxc4 9. Nxc4 Ne4 10. Rc1 g5 11. Bg3 Nxg3 12. fxg3 Qe7 13. Qc2 Rac8 14. Bd3 f6
15. Be4 Nd8 16. a3 Bd6 17. Nxd6 Qxd6 18. Bxh7+ Kh8 19. Qg6 Bf5 20. Qh6 Bxh7 21.
Nxg5 Qe7 22. Nxh7 Nf7 23. Qh4 Kg7 24. Nxf6 Rh8 25. Nh5+ Kf8 26. Rxf7+ 1-0

[Event " Echiquier Aubois / Epernay"]
[Site "?"]
[Date "2010.12.12"]
[Round "3"]
[White "Pithois, Fabien"]
[Black "Chery, Quentin"]
[Result "1-0"]
[WhiteElo "1851"]
[BlackElo "1860"]
[PlyCount "73"]
[EventDate "2009.11.22"]
[SourceDate "2010.12.12"]

1. c4 e5 2. Nc3 Bb4 3. Nd5 Be7 4. d4 c6 5. Nxe7 Qxe7 6. dxe5 Qxe5 7. Nf3 Qe7 8.
a3 d6 9. Bf4 Be6 10. Bxd6 Qd8 11. e4 Nd7 12. Qd4 f6 13. c5 Nh6 14. Bc4 Bxc4 15.
Qxc4 Nf8 16. O-O Qd7 17. Bxf8 Rxf8 18. Rad1 Qf7 19. Qd3 Qe7 20. Qc2 Rd8 21. e5
f5 22. Rd6 Rxd6 23. exd6 Qf6 24. Re1+ Kd8 25. Qe2 Ng8 26. b4 g6 27. b5 Qc3 28.
bxc6 bxc6 29. d7 Kxd7 30. Qe6+ Kc7 31. Qd6+ Kb7 32. Qxf8 Nf6 33. Rb1+ Ka6 34.
Qc8+ Ka5 35. Qc7+ Ka4 36. Qxa7+ Qa5 37. Rb4+ 1-0

[Event " Echiquier Aubois / Epernay"]
[Site "?"]
[Date "2010.12.12"]
[Round "3"]
[White "Collinet, Laurent"]
[Black "Solanas, Ricardo"]
[Result "1/2-1/2"]
[WhiteElo "1830"]
[BlackElo "1643"]
[PlyCount "74"]
[EventDate "2009.11.22"]
[SourceDate "2010.12.12"]

1. c4 c5 2. g3 g6 3. Bg2 Bg7 4. Nc3 Nc6 5. e4 e6 6. d3 Nge7 7. Nge2 O-O 8. O-O
a6 9. Bg5 f6 10. Be3 b6 11. f4 Bb7 12. d4 d6 13. Rb1 Rc8 14. d5 exd5 15. cxd5
Nb8 16. Qb3 Nd7 17. Bh3 f5 18. e5 c4 19. Qd1 dxe5 20. d6 Nc6 21. Nd5 Nc5 22.
Nc7 Nd4 23. fxe5 Nf3+ 24. Rxf3 Bxf3 25. Bxc5 Rxc7 26. Bxb6 Bxe5 27. Bxc7 Qa8
28. Kf2 Be4 29. Rc1 Qa7+ 30. Kf1 Bd3 31. Rc2 Qe3 32. Ke1 Bd4 33. d7 Qf2+ 34.
Kd2 Qe3+ 35. Ke1 Qf2+ 36. Kd2 Qe3+ 37. Ke1 Qf2+ 1/2-1/2

[Event " Echiquier Aubois / Epernay"]
[Site "?"]
[Date "2010.12.12"]
[Round "3"]
[White "Goncalves, David"]
[Black "Frezier, sebastien"]
[Result "1-0"]
[WhiteElo "1740"]
[BlackElo "1680"]
[PlyCount "59"]
[EventDate "2009.11.22"]
[SourceDate "2010.12.12"]

1. e4 e5 2. Nf3 Nc6 3. Bc4 Bc5 4. b4 Bxb4 5. c3 Ba5 6. Qb3 Qf6 7. d4 Nxd4 8.
Nxd4 exd4 9. Bb2 Nh6 10. O-O Bb6 11. cxd4 Bxd4 12. Bxd4 Qxd4 13. Nc3 O-O 14.
Nb5 Qb6 15. a4 a6 16. a5 Qc5 17. Rac1 Qe5 18. f4 Qxe4 19. Bd5 Qg6 20. Nxc7 Rb8
21. Rfe1 b5 22. Qb4 d6 23. Rc6 Nf5 24. Nxa6 Bxa6 25. Rxa6 Qf6 26. Rb6 Qd4+ 27.
Qxd4 Nxd4 28. Rxd6 Rfd8 29. Rxd8+ Rxd8 30. a6 1-0

[Event " Echiquier Aubois / Epernay"]
[Site "?"]
[Date "2010.12.12"]
[Round "3"]
[White "Marchal, Ludovic"]
[Black "Pelade, Thierry"]
[Result "1-0"]
[WhiteElo "1630"]
[BlackElo "1720"]
[PlyCount "87"]
[EventDate "2009.11.22"]
[SourceDate "2010.12.12"]

1. c4 e5 2. Nc3 Nf6 3. g3 Bc5 4. Bg2 O-O 5. e3 c6 6. Nf3 Re8 7. Nxe5 Rxe5 8. d4
Bxd4 9. Qxd4 d6 10. O-O Na6 11. Rd1 Nb4 12. Qxe5 Nc2 13. Qxd6 Qxd6 14. Rxd6 Be6
15. Rb1 Bxc4 16. b3 Be6 17. Bb2 Kf8 18. Rbd1 Ke7 19. h3 Nb4 20. Rxe6+ Kxe6 21.
a3 Na6 22. Ne4 Nxe4 23. Bxe4 f5 24. Bc2 g6 25. b4 Nc7 26. Bb3+ Nd5 27. g4 Rf8
28. Bxd5+ cxd5 29. Rc1 Kd7 30. Be5 Ke6 31. Bf4 Rf7 32. Rc7 Rxc7 33. Bxc7 fxg4
34. hxg4 Kf6 35. Kg2 h5 36. Kg3 b5 37. gxh5 gxh5 38. Kh4 Kg6 39. Bb8 a6 40. Ba7
Kh6 41. Bd4 Kg6 42. Be5 Kf5 43. Bd4 Kg6 44. f4 1-0

[Event " Echiquier Aubois / Epernay"]
[Site "?"]
[Date "2010.12.12"]
[Round "3"]
[White "Robert, Guillaume"]
[Black "Guerin, Antonin"]
[Result "0-1"]
[WhiteElo "1480"]
[BlackElo "1710"]
[PlyCount "69"]
[EventDate "2009.11.22"]
[SourceDate "2010.12.12"]

1. d4 Nf6 2. Nf3 d5 3. Bf4 Bf5 4. e3 Nbd7 5. Nbd2 e6 6. h3 Rc8 7. Rc1 c5 8. Be2
c4 9. c3 b5 10. b4 Nb6 11. O-O Na4 12. Nb3 a6 13. Nc5 Bxc5 14. dxc5 Ne4 15. Qd4
Qf6 16. Be5 Qe7 17. Bxg7 Rg8 18. Be5 Bxh3 19. Kh2 Bg4 20. Bf4 f6 21. Bg3 Rd8
22. Rfe1 Bxf3 23. Bxf3 e5 24. Qd1 Nb2 25. Qc2 Nd3 26. Bxe4 dxe4 27. Re2 Nxc1
28. Qxc1 Rd3 29. Rd2 Qd7 30. Rxd3 exd3 31. Qd2 h5 32. e4 Qg4 33. c6 h4 34. Qh6
hxg3+ 35. Kg1 0-1

[Event " Echiquier Aubois / Epernay"]
[Site "?"]
[Date "2010.12.12"]
[Round "3"]
[White "Tassetti, Florent"]
[Black "Puech, Armel"]
[Result "1/2-1/2"]
[WhiteElo "1682"]
[BlackElo "1690"]
[PlyCount "98"]
[EventDate "2009.11.22"]
[SourceDate "2010.12.12"]

1. Nf3 Nf6 2. g3 d5 3. Bg2 Nc6 4. d3 e5 5. Nbd2 Bg4 6. h3 Be6 7. O-O h6 8. e4
Qd7 9. Kh2 O-O-O 10. Qe2 Bd6 11. a3 g5 12. Ng1 Nd4 13. Qd1 g4 14. h4 dxe4 15.
dxe4 Bc5 16. b4 Bb6 17. Bb2 Qa4 18. Rc1 Rd6 19. c4 Qxd1 20. Rfxd1 c5 21. Nf1
Rhd8 22. Ne3 Nb3 23. Bxe5 Rxd1 24. Rxd1 Rxd1 25. Nxd1 Nd7 26. Bg7 h5 27. Nb2
cxb4 28. axb4 Bxf2 29. Ne2 f6 30. Nf4 Bf7 31. Nbd3 Bd4 32. Nd5 Nd2 33. c5 Kd8
34. Bh6 Nc4 35. Bf4 Nce5 36. Nxe5 fxe5 37. Bg5+ Kc8 38. Be7 Nb8 39. Bd6 Nc6 40.
b5 Na5 41. Bf1 Nb3 42. c6 bxc6 43. bxc6 Be6 44. Ba6+ Kd8 45. Be7+ Ke8 46. Nc7+
Kxe7 47. Nxe6 Bb6 48. c7 Bxc7 49. Nxc7 Nc5 1/2-1/2

[Event " Echiquier Aubois / Epernay"]
[Site "?"]
[Date "2010.12.12"]
[Round "3"]
[White "Catherine, Bertrand"]
[Black "Tatard, Marie"]
[Result "1/2-1/2"]
[WhiteElo "1823"]
[BlackElo "1861"]
[PlyCount "110"]
[EventDate "2009.11.22"]
[SourceDate "2010.12.12"]

1. e4 e6 2. d4 d5 3. exd5 exd5 4. Bd3 Nf6 5. h3 Be7 6. Bf4 O-O 7. Nc3 a6 8. Qf3
Be6 9. Nge2 c5 10. dxc5 Bxc5 11. O-O Nc6 12. Rad1 Nb4 13. a3 Nxd3 14. Qxd3 b5
15. Bg5 Be7 16. Nf4 Qc8 17. Bxf6 Bxf6 18. Nfxd5 Bxd5 19. Nxd5 Qe6 20. Nc7 Qc6
21. Nxa8 Bxb2 22. Qd5 Qxa8 23. Qxa8 Rxa8 24. Rd3 g6 25. Rfd1 Bf6 26. Rf3 Kg7
27. Rd6 Be5 28. Rd7 Bf6 29. g4 h6 30. h4 g5 31. hxg5 hxg5 32. Rg3 Rd8 33. Rxd8
Bxd8 34. Kf1 Be7 35. Rf3 f6 36. Ke2 Kf7 37. Rd3 Ke6 38. f3 Bd6 39. Kd2 a5 40.
Rb3 b4 41. axb4 axb4 42. Rd3 Be5 43. Kc1 Bc3 44. Kb1 Ke5 45. Ka2 Kf4 46. Kb3
Be5 47. Kc4 Bc3 48. Kd5 Be5 49. Ke6 Bc3 50. Rxc3 bxc3 51. Kxf6 Kxf3 52. Kxg5
Ke2 53. Kf5 Kd2 54. g5 Kxc2 55. g6 Kb1 1/2-1/2

[Event "Bogny/Chaumont"]
[Site "?"]
[Date "2010.12.12"]
[Round "3"]
[White "GUYON, Cyndie"]
[Black "PICARD, Serge"]
[Result "1-0"]
[WhiteElo "1903"]
[BlackElo "2084"]
[PlyCount "83"]
[EventDate "2010.12.13"]
[SourceDate "2010.12.13"]

1. d4 d5 2. c4 e6 3. Nc3 Nf6 4. cxd5 exd5 5. Bg5 c6 6. e3 Be7 7. Bd3 O-O 8.
Nge2 Ng4 9. Bxe7 Qxe7 10. h3 Nh6 11. Qc2 f5 12. O-O Nd7 13. Ng3 g6 14. Rfe1 Nf6
15. Rab1 Ne4 16. Nce2 Qh4 17. b4 a6 18. a4 Nf7 19. b5 axb5 20. axb5 Bd7 21.
bxc6 Bxc6 22. Bb5 Rfc8 23. Bxc6 bxc6 24. Nxe4 Qxe4 25. Qc5 Nd8 26. Ra1 Rab8 27.
Ra7 Rb5 28. Qa3 Rb7 29. Rxb7 Nxb7 30. Qa7 Qe7 31. Rb1 Rc7 32. Qb8+ Kg7 33. Nf4
Rd7 34. Qc8 Nd8 35. Rb8 Rd6 36. Nd3 Qd7 37. Qa6 Kh6 38. Qa8 Nf7 39. Nc5 Qe7 40.
Rb7 Qd8 41. Qa7 Ng5 42. h4 1-0

[Event "Bogny/Chaumont"]
[Site "?"]
[Date "2010.12.12"]
[Round "3"]
[White "DA COSTA, Manuel"]
[Black "LEGHBALI, Sophiane"]
[Result "1-0"]
[WhiteElo "1917"]
[BlackElo "1923"]
[PlyCount "91"]
[EventDate "2010.12.13"]
[SourceDate "2010.12.13"]

1. b3 Nf6 2. Bb2 g6 3. Nf3 Bg7 4. e3 d6 5. d4 O-O 6. Be2 Na6 7. Bxa6 bxa6 8.
O-O Rb8 9. Nbd2 a5 10. a4 Nd7 11. Nc4 c6 12. Bc3 Ba6 13. Nxa5 Qc7 14. Re1 c5
15. Qd2 Rfc8 16. Rac1 Nb6 17. e4 Nd7 18. d5 Bb7 19. Bxg7 Kxg7 20. Nc4 Ba6 21.
Qc3+ Kg8 22. e5 Bxc4 23. bxc4 Re8 24. e6 fxe6 25. Rxe6 Nf8 26. Ng5 Qb7 27. Qf3
Qb2 28. Qf7+ Kh8 29. Ree1 Qf6 30. Qxf6+ exf6 31. Nf7+ Kg7 32. Rxe8 Rxe8 33.
Nxd6 Re7 34. Rb1 Nd7 35. Kf1 Ne5 36. Rb7 Rxb7 37. Nxb7 Nxc4 38. Nxc5 Kf7 39.
Ke2 Ke7 40. Kd3 Nb6 41. c4 f5 42. a5 Nc8 43. Nb7 Kd7 44. c5 a6 45. c6+ Kc7 46.
Kd4 1-0

[Event "Bogny/Chaumont"]
[Site "?"]
[Date "2010.12.12"]
[Round "3"]
[White "WACZECKA"]
[Black "MASERA, Michel"]
[Result "1-0"]
[WhiteElo "1764"]
[BlackElo "1897"]
[PlyCount "59"]
[EventDate "2010.12.13"]
[SourceDate "2010.12.13"]

1. d4 c5 2. d5 Nf6 3. c4 g6 4. Nc3 Bg7 5. e4 d6 6. h3 O-O 7. Nf3 e6 8. Bd3 exd5
9. cxd5 b5 10. O-O b4 11. Nb1 Re8 12. Re1 Nbd7 13. Nbd2 Nb6 14. Qc2 Nfd7 15. a4
Ne5 16. Nxe5 Bxe5 17. a5 Nd7 18. Nc4 Qf6 19. Nxe5 Nxe5 20. Bb5 Bd7 21. Bf1 Qh4
22. Bd2 f5 23. f4 Nf7 24. Bd3 fxe4 25. Bxe4 Qg3 26. f5 Ne5 27. fxg6 Bxh3 $4 28.
gxh7+ Kh8 29. Re3 Qg7 30. Rxh3 1-0

[Event "Bogny/Chaumont"]
[Site "Bogny sur Meuse"]
[Date "2010.12.12"]
[Round "3"]
[White "Kerlau, Gildas"]
[Black "Flamant, Jacky"]
[Result "0-1"]
[WhiteElo "1809"]
[BlackElo "1819"]
[PlyCount "84"]
[EventDate "2010.10.24"]
[EventType "team"]
[SourceDate "2010.10.24"]
[WhiteTeam "Chaumont"]
[BlackTeam "Bogny sur Meuse"]

1. d4 Nf6 2. c4 e5 3. dxe5 Ng4 4. Bf4 Bb4+ 5. Nd2 d6 6. Ngf3 dxe5 7. Bxe5 Bxd2+
8. Qxd2 Qxd2+ 9. Kxd2 Nxf2 10. Rg1 O-O 11. Ke1 Ng4 12. Bxc7 Be6 13. b3 Nc6 14.
Rc1 Rfe8 15. h3 Nf6 16. g4 Re7 17. Bf4 Rd7 18. Bg2 (18. Ne5 Nxe5 19. Bxe5 Rad8
$16) 18... Re8 19. Ng5 Nd4 20. Kf2 $2 (20. Nxe6 Nxe6 21. Be3 Rde7 22. Kf2 $16)
20... Bxg4 $1 21. e3 $8 Ne2 22. hxg4 Nxc1 23. Rxc1 h6 $15 24. Nf3 Nxg4+ $6 (
24... g5 25. Nxg5 $8 hxg5 26. Bxg5 Rd2+ 27. Kg3) 25. Kg3 $11 Nf6 $2 (25... Nxe3
$11) 26. Be5 Nh5+ (26... Ne4+ $8 27. Kh2 Nf2 28. Bd4 Ng4+ $11) 27. Kf2 $16 f6
$2 (27... Rde7) 28. Bd4 $18 b6 29. Rh1 g6 30. Nh4 Rg7 31. Nxg6 Rxg6 32. Rxh5
Kh7 33. Rf5 Kg7 34. Bf3 (34. a4 $1) 34... Rf8 35. Rd5 Rg5 36. Rd6 h5 37. b4 h4
38. c5 bxc5 39. bxc5 h3 40. c6 h2 41. c7 $2 (41. Rd7+ Kh6 42. Be4 Rg7 43. Rxg7
Kxg7 44. Kg2 $18) (41. Be4 Rf7 42. c7 Rf5+ 43. Kg3 Rxc7 44. Kxh2 Rh5+ 45. Kg3
$18) 41... Rf5 $11 42. Rd8 $4 (42. Rd7+ $11) 42... h1=Q 0-1

[Event "Bogny/Chaumont"]
[Site "Bogny sur Meuse"]
[Date "2010.12.12"]
[Round "3"]
[White "ALCIDI, Francois"]
[Black "VOGUET"]
[Result "0-1"]
[WhiteElo "1815"]
[BlackElo "1780"]
[PlyCount "142"]
[EventDate "2010.10.24"]
[SourceDate "2010.12.13"]

1. d4 d5 2. c4 e6 3. Nc3 Nf6 4. Bg5 Be7 5. e3 O-O 6. Nf3 a6 7. Bd3 h6 8. Bh4
dxc4 9. Bxc4 b5 10. Bd3 Bb7 11. O-O Nbd7 12. Qe2 c5 13. Rac1 Rc8 14. Rfd1 Qb6
15. Ne5 Rfe8 16. Nxd7 Nxd7 17. Bxe7 Rxe7 18. Qg4 Nf6 19. Qg3 cxd4 20. exd4 Rd7
21. Ne2 Rcd8 22. Bb1 Be4 23. Bxe4 Nxe4 24. Qe5 Nf6 25. Rc3 Nd5 26. Rg3 f6 27.
Qh5 Kh8 28. Rc1 Qa5 29. h3 Qd2 30. Rc6 Re7 31. Qg4 f5 32. Qf3 Nb4 33. Rc5 Nd5
34. Qd3 Qxb2 35. Rc2 Qb1+ 36. Rc1 Qxa2 37. Qd1 Qa5 38. Nc3 b4 39. Nxd5 Qxd5 40.
Qa4 Qb5 41. Qxb5 axb5 42. Rc5 Rxd4 43. Rxb5 Rd1+ 44. Kh2 Rb1 45. Rd3 g6 46. Rd4
Kg7 47. f4 g5 48. Rbxb4 Rxb4 49. Rxb4 Kf6 50. Kg3 Rc7 51. Rb3 Rc4 52. fxg5+
hxg5 53. Kf3 g4+ 54. hxg4 Rxg4 55. g3 e5 56. Re3 e4+ 57. Kf2 Ke5 58. Ra3 f4 59.
gxf4+ Kxf4 60. Ra4 Rh4 61. Kg2 Rh7 62. Rb4 Ra7 63. Kf2 Ra2+ 64. Ke1 Kf3 65. Rb7
Ra1+ 66. Kd2 e3+ 67. Kd3 Ra3+ 68. Kc2 Ke2 69. Kb2 Rd3 70. Rh7 Kd2 71. Rh2+ e2
0-1

[Event "Bogny/Chaumont"]
[Site "Bogny sur Meuse"]
[Date "2010.12.12"]
[Round "3"]
[White "PARISOT, Anthony"]
[Black "RENARD, Luc"]
[Result "1/2-1/2"]
[WhiteElo "1662"]
[BlackElo "1803"]
[PlyCount "89"]
[EventDate "2010.10.24"]
[SourceDate "2010.12.13"]

1. Nf3 e6 2. d4 b6 3. g3 Bb7 4. Bg2 Nf6 5. c4 Be7 6. O-O O-O 7. Nc3 Ne4 8. Bd2
f5 9. d5 Nxc3 10. Bxc3 Bf6 11. Rc1 Qe7 12. Nd2 d6 13. e4 Bxc3 14. Rxc3 e5 15.
f4 fxe4 16. fxe5 Rxf1+ 17. Qxf1 Qxe5 18. Nxe4 Nd7 19. Qe2 Re8 20. Re3 Qd4 21.
Kh1 Ne5 22. Nc3 a6 23. Re4 Qc5 24. a3 Rf8 25. b4 Qf2 26. a4 Bc8 27. c5 Qxe2 28.
Nxe2 Rf7 29. Kg1 Kf8 30. cxd6 cxd6 31. Nd4 Rc7 32. Nf3 Rc1+ 33. Kf2 Rc2+ 34.
Kf1 Nxf3 35. Rf4+ Ke7 36. Rxf3 Rc4 37. Rf4 Rxf4+ 38. gxf4 Kf6 39. Kf2 a5 40.
bxa5 bxa5 41. Bf1 Bf5 42. Ke3 Bc2 43. Bb5 Kf5 44. Bd7+ Kf6 45. Kd4 1/2-1/2

[Event "Bogny/Chaumont"]
[Site "Bogny sur Meuse"]
[Date "2010.12.12"]
[Round "3"]
[White "PRIOUX, Michel"]
[Black "DOYON, Yves"]
[Result "1/2-1/2"]
[WhiteElo "1800"]
[BlackElo "1580"]
[PlyCount "111"]
[EventDate "2010.10.24"]
[SourceDate "2010.12.13"]

1. c4 c6 2. g3 d5 3. Qc2 Nf6 4. Bg2 e6 5. Nf3 Nbd7 6. O-O dxc4 7. Qxc4 Nb6 8.
Qc2 Nbd5 9. Nc3 Nb4 10. Qd1 Be7 11. a3 Na6 12. d4 Nc7 13. e4 h6 14. Be3 O-O 15.
Ne5 Nh7 16. Ne2 g5 17. Ng4 h5 18. Ne5 Qe8 19. Nc3 f6 20. Nd3 Bd8 21. d5 e5 22.
Bc5 Rf7 23. Qxh5 Bd7 24. Qe2 Na6 25. Be3 Be7 26. Rad1 Nb8 27. Nc5 Bxc5 28. Bxc5
b6 29. Be3 Bc8 30. Qd2 Ba6 31. Rfe1 c5 32. Bh3 Nd7 33. Be6 Kg7 34. Bxf7 Qxf7
35. d6 Rh8 36. Kg2 Qh5 37. Rh1 Nhf8 38. h4 g4 39. Nd5 Qg6 40. Qc2 Bb7 41. Rhe1
Ne6 42. f3 gxf3+ 43. Kxf3 Nd4+ 44. Bxd4 exd4 45. Nf4 Ne5+ 46. Kg2 Qg4 47. Qe2
Qd7 48. Kg1 Qxd6 49. Rf1 Qd7 50. Nh5+ Rxh5 51. Qxh5 Qh3 52. Qe2 Ng4 53. Qg2
Qxg2+ 54. Kxg2 Ne3+ 55. Kf2 Bxe4 56. Rde1 1/2-1/2